00545nam a22001817a 450000500170000001000150001702000260003203500140005803700130007208200110008524500810009626000290017727000550020630000220026150000250028370000250030870000300033320170720145532.0 aENG-119366 a9789350023570c695.00 aEN-102898 bDBAD/PUB a954.96 aCrisis in the western himalayas ;cedited by C L Datta [and] Surinder singh  aDelhibAakar Booksc2015 a28 E Pocket IV, Mayur Vihar Phase IbDelhie110091 a272p. c23cm.(Hb) aInclude bibliography aedited by Datta,C L  aedited by singh, Surinder